Normal view MARC view
  • Neri Vela, Rodolfo,

Entry Nombre Personal

Number of records used in: 4

001 - NUMERO DE CONTROL

  • campo de control: 4418

003 - IDENTIFICADOR DE NUMERO DE CONTROL

  • campo de control: MX-MxUPN

005 - FECHA Y HORA DE LA ÜLTIMA TRANSACCIÓN

  • campo de control: 20231024200604.0

008 - DATOS DE LONGITUD FIJA

  • campo de control de longitud fija: 231024nn acnnnaabn a ana |d

035 ## - NUMERO DE CONTROL

  • Número de control: UPN10000004418

040 ## - FUENTE DE CATALOGACIÓN

  • Lenguaje de catalogación: spa
  • Agencia original de catalogación: MX-MxUPN

053 #4 - NÚMERO DE CLASIFICACIÓN LC

  • Número de clasificación elemento-número único o número inicial de tramo: TL789.85 N4

100 1# - ENCABEZAMIENTO - NOMBRE PERSONAL

  • Nombre personal: Neri Vela, Rodolfo,
  • Fechas asociadas con el nombre: 1952-

400 1# - VEÁSE - NOMBRE DE PERSONA

  • Personal name: Neri, R. (Rodolfo),
  • Dates associated with a name: 1952-

670 ## - FUENTE EN LA QUE SE LOCALIZARON DATOS

  • Cita de la fuente: Wikipedia, 24 octubre 2023 :
  • Información localizada: (Rodolfo Neri Vela -Chilpancingo de los Bravo, 19 de febrero de 1952- es un doctor en ingeniería mexicano)
  • Uniform Resource Identifier: https://es.wikipedia.org/wiki/Rodolfo_Neri_Vela

670 ## - FUENTE EN LA QUE SE LOCALIZARON DATOS

  • Cita de la fuente: LC Authorities, 24 octubre 2023 :
  • Información localizada: (Neri, R. (Rodolfo), 1952-)
  • Uniform Resource Identifier: https://lccn.loc.gov/n91091575

902 ## - CATALOGADOR

  • Catalogador: CAA/040806
  • Catalogador: VíctorGodínez/241023